| 000 | 00636 a2200205 4500 | ||
|---|---|---|---|
| 003 | Nust | ||
| 005 | 20240122123800.0 | ||
| 010 | _a 93134117 | ||
| 020 | _a000370940X (HarperCollins) | ||
| 020 | _a1854973002 (BBC English) | ||
| 040 | _cNust | ||
| 082 | 0 | 0 | _a423,BBC |
| 245 | 0 | 0 |
_aBBC English dictionary / _bA Dictionary for the World. |
| 260 |
_aLondon : _bBBC English : _bHarperCollins, _c1992. |
||
| 300 |
_axxxiv, 1371 p. ; _c25 cm. |
||
| 650 | 0 |
_aBroadcasting _xDictionaries. _9120010 |
|
| 650 | 0 |
_aEnglish language _xDictionaries. _947007 |
|
| 710 | 2 |
_aBBC English by Radio and Television. _9120011 |
|
| 942 |
_2ddc _cBK _k423,BBC |
||
| 999 |
_c188655 _d188655 |
||